000 00460nam a2200169Ia 4500
005 20250508161615.0
008 008 250505s9999 xx 000 0 hin d
037 _aTextual
040 _aFEDL
_beng
_cFEDL
041 _ahin
_2eng
084 _aFH, DIN
_qFEDL
100 _aDinkar Ramdhari Singh
_9393732
245 0 _aMirch ka maza
260 _aPatna, India
_bSri Ajanta Press Pvt. Ltd.
942 _cTEXL
_hFH, DIN
999 _c1371087
_d1371087